Metodología de la enseñanza de los idiomas modernos / (Record no. 34482)

MARC details
000 -LEADER
campo de control de longitud fija 00884nam a2200229 i 4500
001 - NÚMERO DE CONTROL
campo de control 34482
003 - IDENTIFICADOR DE NÚMERO DE CONTROL
campo de control ES-MaACL
005 - FECHA Y HORA DE LA ÚLTIMA TRANSACCIÓN
campo de control 20230906154936.0
007 - CAMPO FIJO DE DESCRIPCIÓN FÍSICA--INFORMACIÓN GENERAL
campo de control de longitud fija t|
008 - DATOS DE LONGITUD FIJA--INFORMACIÓN GENERAL
campo de control de longitud fija 030207s1963 sp ||||1| spa d
100 1# - ENTRADA PRINCIPAL--NOMBRE DE PERSONA
Nombre de persona Bohlen, Adolf.
9 (RLIN) 29826
245 10 - MENCIÓN DEL TÍTULO
Título Metodología de la enseñanza de los idiomas modernos /
Mención de responsabilidad, etc. por Adolf Bohlen ; traducción de la tercera edición de Aurora García Hervas.
260 ## - PUBLICACIÓN, DISTRIBUCIÓN, ETC.
Lugar de publicación, distribución, etc. Madrid :
Nombre del editor, distribuidor, etc. Dirección General de Enseñanza Media,
Fecha de publicación, distribución, etc. 1963.
300 ## - DESCRIPCIÓN FÍSICA
Extensión 263 p. ;
Dimensiones 21 cm.
490 1# - MENCIÓN DE SERIE
Mención de serie Publicaciones de la Revista Enseñanaza Media
500 ## - NOTA GENERAL
Nota general Precede al tít.: Ministerio de Educación Nacional.
700 1# - ENTRADA AGREGADA--NOMBRE PERSONAL
Nombre de persona García Hervás, Aurora.
9 (RLIN) 54773
710 1# - ENTRADA AGREGADA--NOMBRE DE ENTIDAD CORPORATIVA
Nombre de entidad corporativa o nombre de jurisdicción como elemento de entrada España.
Unidad subordinada Ministerio de Educación Nacional.
9 (RLIN) 3859
830 0# - PUNTO DE ACCESO ADICIONAL DE SERIE-TÍTULO UNIFORME
Título uniforme Publicaciones de la Revista Enseñanaza Media
9 (RLIN) 229495
852 ## - LOCALIZACIÓN
Ubicación ES-MaACL
Número de control de estantería C-24631
Sublocalización o colección R.53355
Holdings
Estatus retirado Estado de pérdida Estado de daño No para préstamo Biblioteca de origen Biblioteca actual Ubicación en estantería Fecha de adquisición Fuente de adquisición Total de préstamos Signatura topográfica completa Código de barras Visto por última vez Precio de reemplazo Tipo de ítem Koha
        Biblioteca del Ateneo de Madrid Biblioteca del Ateneo de Madrid Depósito 2 17/01/2008     C-24631 1035968 23/02/2023 23/02/2023 Libro impreso